Kader von SL Benfica Champions League 2024/2025 - Statistiken

Allgemein
  • Dieses Quiz wurde 23 mal gespielt
  • Das Durchschnittsergebnis liegt bei 11 aus 24
Antwortstatistiken
Bildquiz Antwort % Korrekt
Nicolás Otamendi
100%
Ángel Di María
95%
Renato Sanches
85%
Andrea Belotti
80%
Alexander Bah
70%
Anatoliy Trubin
70%
Orkun Kökçü
65%
Kerem Aktürkoğlu
55%
Vangelis Pavlidis
55%
Fredrik Aursnes
50%
Arthur Cabral
45%
Álvaro Carreras
40%
Leandro Barreiro
40%
Zeki Amdouni
40%
Andreas Schjelderup
35%
Florentino
35%
Tomás Araújo
35%
Samuel Soares
30%
Manu Silva
20%
Gianluca Prestianni
15%
Samuel Dahl
15%
Adrian Bajrami
5%
Benjamin Rollheiser
5%
Tiago Gouveia
5%
Keine übereinstimmenden Quizze gefunden
Verteilung der Resultate
Anzahl Personen mit jedem Resultat
Perzentil nach korrekt beantworteten Fragen
Ihre Resultats-Entwicklung
Sie haben dieses Quiz noch nicht gespielt